|
|
|
|
| LEADER |
02476nam a2200553 a 4500 |
| 001 |
mzk03001191202 |
| 003 |
CZ BrMZK |
| 005 |
20260528181746.0 |
| 007 |
ta |
| 008 |
130709s1549 gw f |||| 0 lat d |
| 040 |
|
|
|a BOA001
|b cze
|
| 072 |
|
7 |
|a 27-1/-2
|x Křesťanská teologie. Dogmatická teologie
|2 Konspekt
|9 5
|
| 072 |
|
7 |
|a 094
|x Staré tisky
|2 Konspekt
|9 12
|
| 080 |
|
|
|a 27-1
|2 MRF
|
| 080 |
|
|
|a 2:316.644
|2 MRF
|
| 080 |
|
|
|a 274.5
|2 MRF
|
| 080 |
|
|
|a 272
|2 MRF
|
| 080 |
|
|
|a 025.171
|2 MRF
|
| 080 |
|
|
|a (0.068)094
|2 MRF
|
| 100 |
1 |
|
|a Eck, Johannes,
|d 1486-1543
|7 jn20040421005
|4 aut
|
| 245 |
1 |
0 |
|a ENCHIRIDION LOcorum communium aduersus Lutherum et alios hostes ecclesiae /
|c Ioan. Eckio authore. LIBELLVS VT OPTImus, ita multo iam, quam antehac tersior auctiorq; ex ultima Authoris recognitione. ...
|
| 250 |
|
|
|a ENCHIRIDION LOCORUM communium adversus Lutherum & alios hostes ecclesiae
|
| 260 |
|
|
|a INGOLSTADII :
|b IN OFIficina Alexandri Vueissenhorn,
|c 1549
|
| 300 |
|
|
|a [8], 253 [=252], [4] listů;
|c 8°
|
| 500 |
|
|
|a Výzdoba: Iniciály, marginálie
|
| 510 |
4 |
|
|a Dokoupil, V. Soupisy tisků 16. století z fondů Universitní knihovny v Brně, sv. 2 Tisky ... v Rajhradě;
|c 356
|
| 510 |
4 |
|
|a VD 16;
|c VD16 E 353
|
| 561 |
|
|
|a Provenience: [m.p.] Monasterij Rayhradensis
|
| 561 |
|
|
|a Provenience: [razítko] Bibliotheca Mon. Raigrad. O.S.B
|
| 563 |
|
|
|a Pergamenová vazba Rajhrad, poškozený hřbet, slepotiskové rámce, dvě kovové spony, zbytky modré ořízky
|
| 590 |
|
|
|a Chybí titulní list
|
| 650 |
|
7 |
|a křesťanská teologie
|7 ph115064
|2 czenas
|
| 650 |
|
7 |
|a náboženské názory a postoje
|7 ph137982
|2 czenas
|
| 650 |
|
7 |
|a luterství
|7 ph138754
|2 czenas
|
| 650 |
|
7 |
|a katolicismus
|7 ph121523
|2 czenas
|
| 650 |
|
7 |
|a historické knihovní fondy
|7 ph172933
|2 czenas
|
| 655 |
|
7 |
|a staré tisky
|7 fd422076
|2 czenas
|
| 856 |
4 |
1 |
|u https://imageserver.mzk.cz/mzk03/001/191/202/328100209390.titul
|y Digitalizovaný titulní list
|
| 856 |
4 |
1 |
|u https://opendata2.uni-halle.de/handle/1516514412012/2719
|y Digitalizovaný dokument ULB Sachsen-Anhalt, Halle, sig. AB 52323,
|
| 903 |
|
|
|a RP
|
| 910 |
|
|
|e BOE950
|c R - F. II. f. 15
|
| 978 |
|
|
|b Weissenhorn, Alexander I.
|a Ingolstadt
|c 1549
|
| 982 |
0 |
|
|a Rajhrad - benediktinský klášter
|
| 984 |
|
|
|a Ingolstadt
|b Německo
|
| 985 |
|
|
|a 1501-1550
|
| 990 |
|
|
|a BK
|
| 996 |
|
|
|e BOE950
|c R - F. II. f. 15
|
| 991 |
|
|
|k rajhrad
|
| 980 |
|
|
|c 209390
|g R - F. II. f. 15
|1 328100209390
|p N.869, F. I. ee. 15
|